000 00578nam a2200229Ia 4500
003 OSt
005 20250708183455.0
008 210423s2001 xx 000 0 und d
020 _a719058430
040 _cAL
041 _aEnglish
082 _a070.194
_bMCIW
100 _aVincent Mcinerney
_980278
245 _aWriting for radio
260 _aNew York
_bOxford University Press
_c2001
300 _axii,276p.
_bPB
_c21.5x13.5cm.
365 _b1124
_cINR
650 _aGeneral
_980279
650 _aMass Media
_980280
906 _aradio. ; Writing
942 _2ddc
_cBK
999 _c156597
_d156597